<?xml version="1.0" encoding="UTF-8"?>
<record
    xmlns:xsi="http://www.w3.org/2001/XMLSchema-instance"
    xsi:schemaLocation="http://www.loc.gov/MARC21/slim http://www.loc.gov/standards/marcxml/schema/MARC21slim.xsd"
    xmlns="http://www.loc.gov/MARC21/slim">

  <leader>00721nam a2200217 u 4500</leader>
  <datafield tag="999" ind1=" " ind2=" ">
    <subfield code="c">7469</subfield>
    <subfield code="d">7469</subfield>
  </datafield>
  <controlfield tag="001">991059719406406706</controlfield>
  <controlfield tag="003">OSt</controlfield>
  <controlfield tag="005">20211201110021.0</controlfield>
  <controlfield tag="008">210928s2021    xx      r     000 0 cat d</controlfield>
  <datafield tag="016" ind1=" " ind2=" ">
    <subfield code="2">Biblioteca de Catalunya</subfield>
    <subfield code="a">DL B 4057-2021</subfield>
  </datafield>
  <datafield tag="020" ind1=" " ind2=" ">
    <subfield code="a">9788418375460</subfield>
  </datafield>
  <datafield tag="040" ind1=" " ind2=" ">
    <subfield code="b">cat</subfield>
    <subfield code="c">CDMR</subfield>
  </datafield>
  <datafield tag="100" ind1="1" ind2=" ">
    <subfield code="a">Planas, M&#xF2;nica</subfield>
  </datafield>
  <datafield tag="245" ind1="1" ind2=" ">
    <subfield code="a">El pet&#xF3; del capit&#xE0; Kirk</subfield>
    <subfield code="b">: la volta al m&#xF3;n de la televisi&#xF3; en 80 hist&#xF2;ries</subfield>
    <subfield code="c">/ M&#xF2;nica Planas</subfield>
  </datafield>
  <datafield tag="260" ind1=" " ind2=" ">
    <subfield code="a">Barcelona:</subfield>
    <subfield code="b">Univers,</subfield>
    <subfield code="c">2021</subfield>
  </datafield>
  <datafield tag="300" ind1=" " ind2=" ">
    <subfield code="a">284 p&#xE0;gines;</subfield>
    <subfield code="c">21 cm</subfield>
  </datafield>
  <datafield tag="500" ind1=" " ind2=" ">
    <subfield code="a">Recull d'articles publicats al diari ARA </subfield>
  </datafield>
  <datafield tag="650" ind1=" " ind2="0">
    <subfield code="9">1190</subfield>
    <subfield code="a">Televisi&#xF3;</subfield>
    <subfield code="x">Aspectes socials</subfield>
  </datafield>
  <datafield tag="650" ind1=" " ind2="0">
    <subfield code="9">3122</subfield>
    <subfield code="a">Televisi&#xF3;</subfield>
    <subfield code="x">Programes</subfield>
    <subfield code="z">Catalunya</subfield>
    <subfield code="v">An&#xE8;cdotes</subfield>
  </datafield>
  <datafield tag="942" ind1=" " ind2=" ">
    <subfield code="2">udc</subfield>
    <subfield code="c">MON</subfield>
  </datafield>
  <datafield tag="952" ind1=" " ind2=" ">
    <subfield code="0">0</subfield>
    <subfield code="1">0</subfield>
    <subfield code="4">0</subfield>
    <subfield code="7">0</subfield>
    <subfield code="a">CDMR</subfield>
    <subfield code="b">CDMR</subfield>
    <subfield code="d">2021-12-01</subfield>
    <subfield code="e">Donaci&#xF3;</subfield>
    <subfield code="g">18.00</subfield>
    <subfield code="l">0</subfield>
    <subfield code="o">Fi /35</subfield>
    <subfield code="p">CDMR21120001</subfield>
    <subfield code="r">2021-12-01</subfield>
    <subfield code="w">2021-12-01</subfield>
    <subfield code="y">MON</subfield>
  </datafield>
</record>
